Politica y sociedad en una epoca de transición (Registro nro. 6028)
[ vista simple ]
| 000 -LEADER | |
|---|---|
| fixed length control field | 00887 a2200205 4500 |
| 001 - CONTROL NUMBER | |
| control field | 56738 |
| 005 - DATE AND TIME OF LATEST TRANSACTION | |
| control field | 20260407155831.0 |
| 008 - FIXED-LENGTH DATA ELEMENTS--GENERAL INFORMATION | |
| fixed length control field | 260407a1971 arg spa d |
| 003 - CONTROL NUMBER IDENTIFIER | |
| control field | AR-UNSa-BCEJYS |
| 040 ## - CATALOGING SOURCE | |
| Original cataloging agency | AR-UNSa-BCEJYS |
| Language of cataloging | spa |
| Transcribing agency | AR-UNSa-BCEJYS |
| 080 ## - UNIVERSAL DECIMAL CLASSIFICATION NUMBER | |
| Universal Decimal Classification number | 304.4 |
| Common auxiliary subdivision | Aspectos generales de las políticas y prácticas sociales y culturales (política social) |
| 100 1# - MAIN ENTRY--PERSONAL NAME | |
| Personal name | Germani, Gino |
| 245 10 - TITLE STATEMENT | |
| Title | Politica y sociedad en una epoca de transición |
| Name of part/section of a work | De la sociedad tradicional a la sociedad de masa |
| 250 ## - EDITION STATEMENT | |
| Edition statement | 4a. ed. |
| 264 #1 - PRODUCTION, PUBLICATION, DISTRIBUTION, MANUFACTURE, AND COPYRIGHT NOTICE | |
| Place of production, publication, distribution, manufacture | Buenos Aires : |
| Name of producer, publisher, distributor, manufacturer | Paidós |
| Date of production, publication, distribution, manufacture, or copyright notice | 1971 |
| 300 ## - PHYSICAL DESCRIPTION | |
| Extent | 371 p. |
| Dimensions | 18 cm. |
| 505 ## - FORMATTED CONTENTS NOTE | |
| Formatted contents note | 1. Introducción: problemas de teoría sociológica general – 2. Sociedad industria y sociedad tradicional – 3. Notas sobre la transición en américa latina – 4. Estudios sobre la Argentina en transición |
| 590 ## - LOCAL NOTE (RLIN) | |
| Local note | niveau_biblio:m niveau_hierar:0 |
| 942 ## - ADDED ENTRY ELEMENTS (KOHA) | |
| Koha item type | |
| Withdrawn status | Lost status | Damaged status | Not for loan | Home library | Current library | Shelving location | Date acquired | Total checkouts | Full call number | Barcode | Date last seen | Price effective from | Koha item type |
|---|---|---|---|---|---|---|---|---|---|---|---|---|---|
| Biblioteca Prof. Eusebio Cleto del Rey | Biblioteca Prof. Eusebio Cleto del Rey | 07/04/2026 | 304.4 G372 | L24710 | 07/04/2026 | 07/04/2026 | Libro | ||||||
| Biblioteca Prof. Eusebio Cleto del Rey | Biblioteca Prof. Eusebio Cleto del Rey | 07/04/2026 | 304.4 G372 | L24711 | 07/04/2026 | 07/04/2026 | Libro |